| 000 | 01365nam a2200337Ia 4500 | ||
|---|---|---|---|
| 001 | ebr10171486 | ||
| 003 | CaPaEBR | ||
| 006 | m u | ||
| 007 | cr cn||||||||| | ||
| 008 | 070129s2007 enk sb 001 0 eng d | ||
| 020 | _z9781403976413 (cased) | ||
| 020 | _z1403976414 (cased) | ||
| 040 |
_aCaPaEBR _cCaPaEBR |
||
| 035 | _a(OCoLC)648198831 | ||
| 050 | 1 | 4 |
_aPT289 _b.T38 2007eb |
| 082 | 0 | 4 |
_a830.9920693 _222 |
| 100 | 1 | _aTautz, Birgit. | |
| 245 | 1 | 0 |
_aReading and seeing ethnic difference in the enlightenment _h[electronic resource] : _bfrom China to Africa / _cBirgit Tautz. |
| 260 |
_aBasingstoke : _bPalgrave Macmillan, _c2007. |
||
| 300 | _a236 p. | ||
| 504 | _aIncludes bibliographical references and index. | ||
| 533 |
_aElectronic reproduction. _bPalo Alto, Calif. : _cebrary, _d2009. _nAvailable via World Wide Web. _nAccess may be limited to ebrary affiliated libraries. |
||
| 650 | 0 |
_aGerman literature _y18th century _xHistory and criticism. |
|
| 650 | 0 |
_aGerman literature _y19th century _xHistory and criticism. |
|
| 650 | 0 | _aEthnicity in literature. | |
| 651 | 0 |
_aAfrica _xIn literature. |
|
| 651 | 0 |
_aChina _xIn literature. |
|
| 655 | 7 |
_aElectronic books. _2local |
|
| 710 | 2 | _aebrary, Inc. | |
| 856 | 4 | 0 |
_uhttp://site.ebrary.com/lib/rucke/Doc?id=10171486 _zAn electronic book accessible through the World Wide Web; click to view |
| 999 |
_c248715 _d248715 |
||